000 00411cam a22001217a 4500
008 180718b xxu||||| |||| 00| 0 eng d
082 _aBO84x54 IN2/M4
100 _aRamachandaran, P.
245 _aTraining in research methodology in social sciences in india
_cby P. Ramachandran
260 _aNew Delhi
_bIndian Council Of Social Science Reasearch
_c
300 _a117p
650 _aSocial sciences - research - India
999 _c408108
_d408108